000 01458nam a22003737a 4500
001 000099052
003 CHAP
005 20220329143347.0
008 081218s2001 uk a r 00010 eng d
010 _a95517
011 _a96489
020 _a063205879X
035 _a107143
040 _cCHAP
082 0 0 _a577
_2E19
111 2 _aEcology : achievement and challenge
_cOrlando, Florida, USA
_dheld at 10-13 April 2000
_nthe 41st Symposium of the British Ecological Society jointly sponsored by the Ecological Society of America
_935196
245 1 0 _aEcology : achievement and challenge /
_c/edited by Malcolm C. Press, Nancy J. Huntly, and Simon Levin.
260 _aOxford, UK :
_bBlackwell Science,
_c2001.
300 _axi, 406 p. :
_bilus., mapas.
590 _aBATCH-UPD
_b10
_c20130110
_lUCH01
_h0404
590 _aBATCH-UPD
_b10
_c20130410
_lUCH01
_h0037
590 _aBATCH-UPD
_b10
_c20130914
_lUCH01
_h1229
590 _aCONVERSION
_b10
_c20130109
_lUCH01
_h1353
590 _aE11695DGD
_b10
_c20131118
_lUCH01
_h1233
650 0 4 _aEcologĂ­a
_xCongresos.
_935138
700 1 _aHuntly, Nancy J.
_e, ed.
_956958
700 1 _aLevin, Simon
_e, ed.
_966451
700 1 _aPress, Malcolm C.
_e, ed.
_991531
901 _aBK
942 _cLIBRO
942 _n0
949 _a574.5 Ec73
_bBC
_cLIBRO
_d33724002068272
_eLIBRO
_fc.2
_gI.c/e
_h110119
_i107143
_sb
_t$ 715.00
949 _a574.5 Ec73
_bBC
_cLIBRO
_d33724002068314
_eLIBRO
_gI.c/e
_h110118
_i107143
_sb
_t$ 715.00
999 _c95517
_d95517